Paroles _ Je survivrai de RÉGINE - Statistiques

Statistiques générales
  • Ce quiz a été pris 39 fois
  • Le résultat moyen est 164 sur 225
Statistiques - réponses
Hint Réponse % Correct
à
100%
À
100%
de
100%
De
100%
je
100%
Refrain Je
100%
(Je
100%
le
100%
Ne
100%
(Ne
100%
ne
100%
la
96%
toi
96%
tu
96%
Tu
96%
comme
92%
me
92%
pas
92%
plus
92%
plus)
92%
pour
92%
sans
92%
Post-refrain Sans
92%
Comment
88%
et
88%
Couplet 1 Et
88%
j'ai
88%
J'ai
88%
ma
88%
suis
88%
sûr
88%
sur
88%
survivrai
88%
survivrai)
88%
vivre
88%
bien
85%
cotés?
85%
eu
85%
j'étais
85%
mes
85%
pétrifiée
85%
peur,
85%
reviens
85%
si
85%
Si
85%
t'en
85%
vie
85%
vie)
85%
bienvenu
81%
Intro D'abord,
81%
n'es
81%
pourrais-je
81%
que
81%
Pré-refrain Sors
81%
(Sors
81%
te
81%
encore
77%
tant
77%
ce
73%
73%
pu
73%
puis
73%
amour
69%
nuit,
69%
pleuré,
69%
trop
69%
Car
65%
désormais,
65%
dire
65%
fille
65%
les
65%
passé
65%
Avec
62%
Mais
62%
serai
62%
vouloir,
62%
j'avais
58%
Ou
58%
aujourd'hui
54%
changé,
54%
envie
54%
J'aurais
54%
rire
54%
serrure
54%
t'avais
54%
une
54%
aimée
50%
autre
50%
clé
50%
habituée
50%
qui
50%
changer
46%
cherche
46%
justifier
46%
seul
46%
tort
46%
tout
46%
amoureuse
42%
autrefois
42%
Ni
42%
reconnaîtrais
42%
regard
42%
reprendre
42%
seule
42%
t'oublier,
42%
arriverais
38%
celui
38%
ces
38%
faire
38%
mon
38%
N'essaie
38%
n'essaie
38%
préfére
38%
reviendrais
38%
sentie
38%
choses
35%
déjà
35%
imaginer
35%
m'aime
35%
m'attendrir,
35%
morceaux
35%
mots
35%
n'y
35%
stupides
35%
crois
31%
doute
31%
recoller
31%
revenir
31%
souvent
31%
tellement
31%
tristes
31%
Depuis
27%
mieux,
27%
prix
27%
tendre
27%
troubler
27%
garde
23%
qu'un
23%
reprennes
23%
suffit
15%
teint
15%
vide,
15%
livide,
8%
Terre
8%
soupir
0%
Aucun quiz correspondant
Distribution des résultats
% des personnes avec chaque résultat
Percentile par nombre de réponses
Votre historique - résultats
Vous n’avez pas pris ce quiz